000 003380000a22001450004500
003 MACL
040 _aMACL
090 _c48277
_d48275
100 _aKar,Samit
245 _aSunderbans Problems and Prospects
260 _aNew Delhi
_bDirected Initlative
_c2009
350 _a125
650 _aEnvironment
_2Environment
942 _cBOOK
_k333
999 _c47767
_d47767